| 000 | 00402nam a22001217a 4500 | ||
|---|---|---|---|
| 082 | _a220 PRO | ||
| 100 |
_aSHEHRYAR TARIQ, SAUD-UL-KHALID _971653 |
||
| 245 | _aPR-SOF-1482-Pseudo real-time Diabetes Detection & Analysis using EEG signals and implementation on Raspberry Pi | ||
| 260 |
_aISLAMABAD _bNUST COLLEGE OF EME _c2015 |
||
| 650 | _aDE-COMP-33 | ||
| 700 |
_a DR. USMAN AKRAM _931693 |
||
| 942 | _cCR | ||
| 999 |
_c578055 _d578055 |
||